Research Methods

Đã lưu trong:
書目詳細資料
格式: 圖書
標簽: 添加標簽
沒有標簽, 成為第一個標記此記錄!
Thư viện lưu trữ: Mạng thư viện Đại học Đà Nẵng
LEADER 00372nam a22001571a 4500
001 000035929
003 12221
005 20160321134604.0
008 160321s0 000
245 |a Research Methods  |c Khoa Anh 
OWN |a LNN 
999 |a From the UDN01 
TYP |a Monograph 
980 |a Mạng thư viện Đại học Đà Nẵng